| 000 | 01055nam a22003137a 4500 | ||
|---|---|---|---|
| 001 | 200460092 | ||
| 003 | TR-AnTOB | ||
| 005 | 20240513114132.0 | ||
| 008 | 240513b tu ||||| |||| 00| 0 tur d | ||
| 020 | _a9789750814631 | ||
| 040 |
_aTR-AnTOB _beng _cTR-AnTOB _erda |
||
| 041 | _atur | ||
| 092 |
_a808.0683 _bTUR 2022 |
||
| 100 | 1 |
_aAdalı, Bilgin, _d1944-2012 _9138574 |
|
| 245 | 1 | 0 |
_aErtuğrul Firkateyni'nin öyküsü / _cTufan Turanlı ; çocuklar için uyarlayan: Bilgin Adalı ; resimleyen: Mustafa Delioğlu. |
| 260 |
_aİstanbul : _bYapı Kredi Yayınları, _c2022. |
||
| 300 |
_a63 Pages. : _bill. ; _c29 cm. |
||
| 336 |
_atext _btxt _2rdacontent |
||
| 337 |
_aunmediated _bn _2rdamedia |
||
| 338 |
_avolume _bnc _2rdacarrier |
||
| 440 | 0 |
_aYapı Kredi Yayınları : _v2749. _pDoğan kardeş kitaplığı ; 293. |
|
| 650 | 4 |
_aÇocuk hikâyeleri _9115605 |
|
| 653 | _aöykü | ||
| 700 | 1 | _aTuranlı, Tufan | |
| 700 | 1 |
_aDelioğlu, Mustafa, _d1946- , _eres. |
|
| 942 |
_2ddc _cBK |
||
| 999 |
_c200460092 _d78304 |
||